00513 2200193 4500001002100000008004100021035002000062245003500082100001600117110001700133260003100150300001200181020002200193084001400215082000800229650004200237990002100279990001900300INLIS000000000001180 ind  a0010-0724001180 aCara Membuat SauscAbdul Majid aAbdul Majid aMajid, Abdul aSemarangbAneka Ilmuc2008 a59 hlm. a978-979-736-837-1 a664 ABD c a664 aTeknologi Pembuatan Makanan Komersial aP29/CP/24/1180.1 aP29/CP/24/1180